Tyrannosaurus / (Record no. 110188)
[ view plain ]
| 000 -LEADER | |
|---|---|
| fixed length control field | 00788nam a2200265 a 4500 |
| 005 - DATE AND TIME OF LATEST TRANSACTION | |
| control field | 20140414131851.0 |
| 008 - FIXED-LENGTH DATA ELEMENTS--GENERAL INFORMATION | |
| fixed length control field | 970101s19uu xx 00 eng d |
| 020 ## - INTERNATIONAL STANDARD BOOK NUMBER | |
| International Standard Book Number | 0-86592-114-8 |
| 050 ## - LIBRARY OF CONGRESS CALL NUMBER | |
| Classification number | M 567.9 |
| Item number | Sh3 1981 |
| 100 ## - MAIN ENTRY--PERSONAL NAME | |
| Personal name | Sheehan, Angela |
| 245 ## - TITLE STATEMENT | |
| Title | Tyrannosaurus / |
| Statement of responsibility, etc | written by Angela Sheehan; illustrated by George Thompson. |
| 260 ## - PUBLICATION, DISTRIBUTION, ETC. (IMPRINT) | |
| Place of publication, distribution, etc | Vero Beach, FL : |
| Name of publisher, distributor, etc | Ray Rourke Publishing, |
| Date of publication, distribution, etc | 1981. |
| 300 ## - PHYSICAL DESCRIPTION | |
| Extent | 23 p. : ill. ; cm. |
| 520 ## - SUMMARY, ETC. | |
| Summary, etc | Life Tyrannosaurus as he searches for prey to assuage his hunger. |
| 650 ## - SUBJECT ADDED ENTRY--TOPICAL TERM | |
| Topical term or geographic name as entry element | Tyrannosaurus rex |
| General subdivision | Juvenile literature. |
| 650 ## - SUBJECT ADDED ENTRY--TOPICAL TERM | |
| Topical term or geographic name as entry element | Dinosaurs |
| General subdivision | Juvenile literature. |
| Withdrawn status | Lost status | Damaged status | Home library | Current library | Shelving location | Date acquired | Source of acquisition | Total Checkouts | Full call number | Barcode | Date last seen | Price effective from | Koha item type |
|---|---|---|---|---|---|---|---|---|---|---|---|---|---|
| Munich Library | Munich Library | Main Section | 03/31/2004 | M 567.9 Sh3 1981 | M0502 | 04/14/2014 | 04/14/2014 | Books | |||||
| Munich Library | Munich Library | Main Section | 07/29/2010 | M 567.9 Sh3 1981 | M0503 | 04/14/2014 | 04/14/2014 | Books | |||||
| Munich Library | Munich Library | Main Section | 07/29/2010 | M 567.9 Sh3 1981 | M0504 | 04/14/2014 | 04/14/2014 | Books | |||||
| Munich Library | Munich Library | Main Section | 07/29/2010 | M 567.9 Sh3 1981 | M0505 | 04/14/2014 | 04/14/2014 | Books | |||||
| Munich Library | Munich Library | Main Section | 07/29/2010 | M 567.9 Sh3 1981 | M0506 | 04/14/2014 | 04/14/2014 | Books | |||||
| Munich Library | Munich Library | Main Section | 07/29/2010 | M 567.9 Sh3 1981 | M0507 | 04/14/2014 | 04/14/2014 | Books | |||||
| Munich Library | Munich Library | Main Section | 07/29/2010 | M 567.9 Sh3 1981 | M0508 | 04/14/2014 | 04/14/2014 | Books | |||||
| Munich Library | Munich Library | Main Section | 07/29/2010 | M 567.9 Sh3 1981 | M0510 | 04/14/2014 | 04/14/2014 | Books |